DRZEWA LIŚCIASTE: - Statystyki

Ogólne statystyki
  • Ten quiz został rozwiązany 102 razy
  • Średni wynik to 5 z 6
Statystyki odpowiedzi
Odpowiedź % Poprawnych
DĄB
96%
BRZOZA
84%
KLON
84%
BUK
79%
LIPA
65%
JESION
53%
Nie znaleziono quizów pasujących do podanych kryteriów
Rozkład punktacji
Procent ludzi z każdym wynikiem
Percentyl według liczby udzielonych odpowiedzi
Twoja historia wyników
Nie rozwiązałeś tego quizu